000 00245nam a2200097Ia 4500
001 662948
005 20250826160203.0
008 250824s9999 xx 000 0 und d
245 0 _aGelincik Diz/Neşeli Boyacı
_cGülten Dayıoğlu
260 _bALTIN
999 _c662948
_d662948